Responses for Show #5133 - Wednesday, December 27, 2006

Contestants

[<< previous game]

Lisa McClain, a history professor and Director of Gender Studies from Boise, Idaho

Jeff Rozen, a sales consultant from Sarasota, Florida

Robert Alden, a middle school math teacher from Ames, Iowa (whose 1-day cash winnings total $25,000)

[next game >>]

Jeopardy! Round responses

ARCHAEOLOGY
TV SHOWS BY CHARACTER
TOURING AMERICA
NOTABLE WOMEN
PEOPLE IN DANTE'S INFERNO
MERRIAM-WEBSTER'S NEW WORDS FOR 2006
    $200 17
(Robert: Who is Solomon?)

David

RobertLisa
    $200 1
Sesame Street

Jeff
    $200 6
Tombstone

Lisa
    $200 12
Roe v. Wade

Jeff
    $200 26
Brutus

Jeff
    $200 11
(Lisa: What is bling--[*]?)

bling-bling

Lisa
    $400 18
bronze

Jeff
    $400 2
The Office

Robert
    $400 7
The Red Cross

Jeff
    $400 13
(Lisa: What is Oxford?)

Cambridge

JeffLisa
    $400 27
(Robert: Who is Hot--Hannibal?)

Attila the Hun

RobertLisa
    $400 22
a gastric bypass

Robert
    $600 19
an ax

Lisa
    $600 3
The Fugitive

Jeff
    $600 8
(Lisa: Who is Andrew Jackson?)

Andrew Johnson

JeffLisa
    $600 14
Ireland

Lisa
    $600 28
Cleopatra

Jeff
    $600 23
a ringtone

Robert
    $800 20
the Olmecs

Jeff
    $800 4
Law & Order

Robert
    $500 9
Yorktown

Jeff
    $800 15
The Citadel

Lisa
    $800 29
Odysseus

Lisa
    $800 24
(Alex: [*] me. Yes.)

supersize

Lisa
    $1000 21
Peking Man

Jeff
    $1000 5
How I Met Your Mother

Robert
    $1000 10
(Robert: What is Montpelier?)
(Lisa: What is Bennington?)

Burlington

RobertLisa
Triple Stumper
    $1000 16
The Byzantine Empire

Lisa
    $1000 30
(Lisa: Who is Epicurius?)
...
(Alex: Cur-us--you threw in an "I" there, Lisa. Sorry. It's not -ious, but -us.)

Epicurus

JeffLisa
    $1000 25
biodiesel

Robert

Scores at the first commercial break (after clue 16):

Robert Jeff Lisa
$1,200 $2,900 $800

Scores at the end of the Jeopardy! Round:

Robert Jeff Lisa
$2,600 $6,900 $2,600

Double Jeopardy! Round responses

ARTISTS
BIG BUSINESS
HOMOPHONES
NEA JAZZ MASTERS
PO
POUR "E"
    $400 26
Picasso

Jeff
    $400 1
[Robert selected the first clue. Alex misspoke at the end of the Jeopardy! Round, awarding Double Jeopardy! Round first-clue control to Lisa, but corrected himself after announcing the categories.]

UPS

Robert
    $400 16
jeans or genes

Lisa
    $400 21
Tony Bennett

Lisa
    $400 11
Italy

Lisa
    $400 6
energy drinks

Robert
    $800 27
(Salvador) Dali

Jeff
    $800 2
Reynolds Wrap

Lisa
    $800 17
pause or paws

Robert
    $800 22
Count Basie

Lisa
    $800 12
Turin

Robert
    $800 7
espresso

Lisa
    $2,100 28
(Alex: [*], yes. Famous for "Blue Boy".)

Gainsborough

Jeff
    $1200 3
(Robert: What is Excel?)

Lotus

Robert
Triple Stumper
    $2,000 18
billed or build

Robert
    $1200 23
Ella Fitzgerald

Lisa
    $1200 13
the Adriatic

Robert
    $1200 8
Earl Grey

Robert
    $1600 29
Hans Holbein

Lisa
    $1600 4
(Jeff: What is Marshall Field's?)
(Robert: What is Woolworth's?)
(Lisa: What is Lord & Taylor?)

Sears

RobertJeffLisa
Triple Stumper
    $1600 19
piece or peace

Robert
    $1600 24
Dizzy Gillespie

Robert
    $1600 14
Byron

Jeff
    $1600 9
an egg cream

Lisa
    $2000 30
Velázquez

Triple Stumper
    $2000 5
Scott

Triple Stumper
    $2000 20
roe or rho

Jeff
    $2000 25
(Jeff: Who is Bette Midler?)
...
(Alex: Who is Sweet & Sassy [*]?)

Sarah Vaughan

Jeff
Triple Stumper
    $2000 15
the Etruscans

Robert
    $2000 10
eau de vie

Lisa

Scores at the end of the Double Jeopardy! Round:

Robert Jeff Lisa
$11,800 $10,200 $11,000

[wagering suggestions for these scores]

Final Jeopardy! Round responses

19th CENTURY PRESIDENTS
(Alex: And after his victory, he almost had to sneak into our nation's capital.)
...
(Alex: The one with the lowest ever was John Quincy Adams, who had only 30.5% of the popular vote.)
JeffWho was Abe Lincoln?
$5,000
LisaWho is Lincoln
$9,500
RobertWho is Cleveland?
$3,014
Abraham Lincoln

Final scores:

Robert Jeff Lisa
$8,786 $15,200 $20,500
3rd place: $1,000 2nd place: $2,000 New champion: $20,500

Game dynamics:

Coryat scores:

Robert Jeff Lisa
$11,000 $9,600 $11,000
16 R
(including 1 DD),
5 W
18 R
(including 2 DDs),
2 W
20 R,
5 W

Combined Coryat: $31,600

[game clues] [game scores] [suggest correction]

Game tape date: 2006-10-25
The J! Archive is created by fans, for fans. Scraping, republication, monetization, and malicious use prohibited; this site may use cookies and collect identifying information. See terms. The Jeopardy! game show and all elements thereof, including but not limited to copyright and trademark thereto, are the property of Jeopardy Productions, Inc. and are protected under law. This website is not affiliated with, sponsored by, or operated by Jeopardy Productions, Inc. Join the discussion at JBoard.tv.